000 00413pab a2200157 454500
008 180718b2004 xxu||||| |||| 00| 0 eng d
100 _aStorm, Servaas
245 _aMarket-led globalization and world democracy: can the twain ever meet?
260 _c2004
300 _ap.567-81.
362 _aJun
650 _aGlobalization
700 _aRao, J. Mohan
773 _aDevelopment and Change
909 _a62114
999 _c62114
_d62114